00675nam a22002057a 450000500170000001000140001702000260003103500130005703700130007008200060008310000250008924500570011426000380017127000550020930000210026465000170028594200200030299900170032295201300033920100811155455.0 aENG-99685 a9788190273589c400.00 aEN-83217 bDBAD/PUB aS aKhatri, Vikas911275 aWorld famous supernatural stories /cby Vikas Khatri aDelhibMahak Sahitya Sansarc2010 aN-67, Street No.4, Naveen ShahadarabDelhie110032 a200p.c22cm (Hb) aStories9938 2ddccENhSmKHA c41139d41139 001040718FICaDBADbDBADd2010-08-11eDBAD/PUBg400.00l0oS KHApEN-83217r2010-08-11 00:00:00t1v400.00w2010-08-11yEN